<?xml version="1.0" encoding="UTF-8"?>
<record
    xmlns:xsi="http://www.w3.org/2001/XMLSchema-instance"
    xsi:schemaLocation="http://www.loc.gov/MARC21/slim http://www.loc.gov/standards/marcxml/schema/MARC21slim.xsd"
    xmlns="http://www.loc.gov/MARC21/slim">

  <leader>00734nam a22001577a 4500</leader>
  <controlfield tag="003">OSt</controlfield>
  <controlfield tag="005">20161125145952.0</controlfield>
  <controlfield tag="008">161125b        xxu||||| |||| 00| 0 eng d</controlfield>
  <datafield tag="040" ind1=" " ind2=" ">
    <subfield code="c">RUA</subfield>
  </datafield>
  <datafield tag="082" ind1=" " ind2=" ">
    <subfield code="a">LMA DOU 2013 B540 Or.1</subfield>
  </datafield>
  <datafield tag="100" ind1=" " ind2=" ">
    <subfield code="9">11374</subfield>
    <subfield code="a">DOUNG TAINGKOU; &#x178A;&#x17BC;&#x1793; &#x178F;&#x17B6;&#x17C6;&#x1784;&#x1782;&#x17BC;</subfield>
  </datafield>
  <datafield tag="245" ind1=" " ind2=" ">
    <subfield code="a">Study the evolution of land tenure rights in sangkat spean thmor, khan dangkor, phnom penh city; &#x179F;&#x17B7;&#x1780;&#x17D2;&#x179F;&#x17B6;&#x1796;&#x17B8;&#x1780;&#x17B6;&#x179A;&#x179C;&#x17B7;&#x1797;&#x17B6;&#x1782;&#x1793;&#x17C3;&#x179F;&#x17B7;&#x1791;&#x17D2;&#x1792;&#x17B7;&#x1780;&#x17B6;&#x1793;&#x17CB;&#x1780;&#x17B6;&#x1794;&#x17CB;&#x178A;&#x17B8;&#x1792;&#x17D2;&#x179B;&#x17B8; &#x1793;&#x17C5;&#x179F;&#x1784;&#x17D2;&#x17D2;&#x1780;&#x178F;&#x17CB;&#x179F;&#x17D2;&#x1796;&#x17B6;&#x1793;&#x1790;&#x17D2;&#x1798; &#x1781;&#x178E;&#x17D2;&#x178C;&#x178A;&#x1784;&#x17D2;&#x1780;&#x17C4; &#x179A;&#x17B6;&#x1787;&#x1792;&#x17B6;&#x1793;&#x17B8;&#x1797;&#x17D2;&#x1793;&#x17C6;&#x1796;&#x17C1;&#x1789;</subfield>
  </datafield>
  <datafield tag="260" ind1=" " ind2=" ">
    <subfield code="a">PHNOM PEHN</subfield>
    <subfield code="b">DOU</subfield>
    <subfield code="c"> 2013</subfield>
  </datafield>
  <datafield tag="300" ind1=" " ind2=" ">
    <subfield code="a">xiii;47p.</subfield>
    <subfield code="b">ill.</subfield>
    <subfield code="c">29cm.</subfield>
  </datafield>
  <datafield tag="942" ind1=" " ind2=" ">
    <subfield code="2">ddc</subfield>
    <subfield code="c">LMA</subfield>
  </datafield>
  <datafield tag="999" ind1=" " ind2=" ">
    <subfield code="c">10935</subfield>
    <subfield code="d">10935</subfield>
  </datafield>
  <datafield tag="952" ind1=" " ind2=" ">
    <subfield code="0">0</subfield>
    <subfield code="1">0</subfield>
    <subfield code="2">ddc</subfield>
    <subfield code="4">0</subfield>
    <subfield code="6">LMA_DOU_2013_000000000000000_B540_OR_1</subfield>
    <subfield code="7">0</subfield>
    <subfield code="9">57610</subfield>
    <subfield code="a">LBB</subfield>
    <subfield code="b">LBB</subfield>
    <subfield code="c">B540</subfield>
    <subfield code="d">2016-11-25</subfield>
    <subfield code="o">LMA DOU 2013 B540 Or.1</subfield>
    <subfield code="p">A05943</subfield>
    <subfield code="r">2016-11-25</subfield>
    <subfield code="w">2016-11-25</subfield>
    <subfield code="y">LMA</subfield>
  </datafield>
  <datafield tag="952" ind1=" " ind2=" ">
    <subfield code="0">0</subfield>
    <subfield code="1">0</subfield>
    <subfield code="2">ddc</subfield>
    <subfield code="4">0</subfield>
    <subfield code="6">LMA_DOU_2013_000000000000000_B540_OR_2</subfield>
    <subfield code="7">0</subfield>
    <subfield code="9">57611</subfield>
    <subfield code="a">LBB</subfield>
    <subfield code="b">LBB</subfield>
    <subfield code="c">B540</subfield>
    <subfield code="d">2016-11-25</subfield>
    <subfield code="o">LMA DOU 2013 B540 Or.2</subfield>
    <subfield code="p">A05040</subfield>
    <subfield code="r">2016-11-25</subfield>
    <subfield code="w">2016-11-25</subfield>
    <subfield code="y">LMA</subfield>
  </datafield>
  <datafield tag="952" ind1=" " ind2=" ">
    <subfield code="0">0</subfield>
    <subfield code="1">0</subfield>
    <subfield code="2">ddc</subfield>
    <subfield code="4">0</subfield>
    <subfield code="6">LMA_DOU_2013_000000000000000_B540_OR_3</subfield>
    <subfield code="7">0</subfield>
    <subfield code="9">57612</subfield>
    <subfield code="a">LBB</subfield>
    <subfield code="b">LBB</subfield>
    <subfield code="c">B540</subfield>
    <subfield code="d">2016-11-25</subfield>
    <subfield code="o">LMA DOU 2013 B540 Or.3</subfield>
    <subfield code="p">A05480</subfield>
    <subfield code="r">2016-11-25</subfield>
    <subfield code="w">2016-11-25</subfield>
    <subfield code="y">LMA</subfield>
  </datafield>
  <datafield tag="952" ind1=" " ind2=" ">
    <subfield code="0">0</subfield>
    <subfield code="1">0</subfield>
    <subfield code="2">ddc</subfield>
    <subfield code="4">0</subfield>
    <subfield code="6">LMA_DOU_2013_000000000000000_B540_OR_4</subfield>
    <subfield code="7">0</subfield>
    <subfield code="9">57613</subfield>
    <subfield code="a">LBB</subfield>
    <subfield code="b">LBB</subfield>
    <subfield code="c">B540</subfield>
    <subfield code="d">2016-11-25</subfield>
    <subfield code="o">LMA DOU 2013 B540 Or.4</subfield>
    <subfield code="p">A05622</subfield>
    <subfield code="r">2016-11-25</subfield>
    <subfield code="w">2016-11-25</subfield>
    <subfield code="y">LMA</subfield>
  </datafield>
  <datafield tag="952" ind1=" " ind2=" ">
    <subfield code="0">0</subfield>
    <subfield code="1">0</subfield>
    <subfield code="2">ddc</subfield>
    <subfield code="4">0</subfield>
    <subfield code="6">LMA_DOU_2013_000000000000000_B540_OR_5</subfield>
    <subfield code="7">0</subfield>
    <subfield code="9">57614</subfield>
    <subfield code="a">LBB</subfield>
    <subfield code="b">LBB</subfield>
    <subfield code="c">B540</subfield>
    <subfield code="d">2016-11-25</subfield>
    <subfield code="o">LMA DOU 2013 B540 Or.5</subfield>
    <subfield code="p">A05547</subfield>
    <subfield code="r">2016-11-25</subfield>
    <subfield code="w">2016-11-25</subfield>
    <subfield code="y">LMA</subfield>
  </datafield>
  <datafield tag="952" ind1=" " ind2=" ">
    <subfield code="0">0</subfield>
    <subfield code="1">0</subfield>
    <subfield code="2">ddc</subfield>
    <subfield code="4">0</subfield>
    <subfield code="6">LMA_DOU_2013_000000000000000_B540_OR_6</subfield>
    <subfield code="7">0</subfield>
    <subfield code="9">57615</subfield>
    <subfield code="a">LBB</subfield>
    <subfield code="b">LBB</subfield>
    <subfield code="c">B540</subfield>
    <subfield code="d">2016-11-25</subfield>
    <subfield code="o">LMA DOU 2013 B540 Or.6</subfield>
    <subfield code="p">A05621</subfield>
    <subfield code="r">2016-11-25</subfield>
    <subfield code="w">2016-11-25</subfield>
    <subfield code="y">LMA</subfield>
  </datafield>
  <datafield tag="952" ind1=" " ind2=" ">
    <subfield code="0">0</subfield>
    <subfield code="1">0</subfield>
    <subfield code="2">ddc</subfield>
    <subfield code="4">0</subfield>
    <subfield code="6">LMA_DOU_2013_000000000000000_B540_OR_7</subfield>
    <subfield code="7">0</subfield>
    <subfield code="9">57616</subfield>
    <subfield code="a">LBB</subfield>
    <subfield code="b">LBB</subfield>
    <subfield code="c">B540</subfield>
    <subfield code="d">2016-11-25</subfield>
    <subfield code="o">LMA DOU 2013 B540 Or.7</subfield>
    <subfield code="p">A04970</subfield>
    <subfield code="r">2016-11-25</subfield>
    <subfield code="w">2016-11-25</subfield>
    <subfield code="y">LMA</subfield>
  </datafield>
  <datafield tag="952" ind1=" " ind2=" ">
    <subfield code="0">0</subfield>
    <subfield code="1">0</subfield>
    <subfield code="2">ddc</subfield>
    <subfield code="4">0</subfield>
    <subfield code="6">LMA_DOU_2013_000000000000000_B540_OR_8</subfield>
    <subfield code="7">0</subfield>
    <subfield code="9">57617</subfield>
    <subfield code="a">LBB</subfield>
    <subfield code="b">LBB</subfield>
    <subfield code="c">B540</subfield>
    <subfield code="d">2016-11-25</subfield>
    <subfield code="o">LMA DOU 2013 B540 Or.8</subfield>
    <subfield code="p">A05546</subfield>
    <subfield code="r">2016-11-25</subfield>
    <subfield code="w">2016-11-25</subfield>
    <subfield code="y">LMA</subfield>
  </datafield>
</record>
